Harry Potter Choose the Animal Quiz Stats

 Plays Quiz not verified by Sporcle

Score 0/16 Timer 03:00
0 Plays Today
% Correct
Basilisk
95%
Nagini
95%
Scabbers
95%
Fawkes
95%
Hedwig
95%
Mrs. Norris
93.7%
Buckbeak
93.7%
Trevor
93.7%
% Correct
Fluffy
93.1%
Pigwidgeon
92.5%
Norbert
91.8%
Fang
90.6%
Crookshanks
88.1%
Errol
84.9%
Aragog
84.3%
Mosag
83.6%

You're not logged in!

Compare scores with friends on all Sporcle quizzes.
OR
Log In

Show Comments

Extras

Top Quizzes Today


Score Distribution

Your Account Isn't Verified!

In order to create a playlist on Sporcle, you need to verify the email address you used during registration. Go to your Sporcle Settings to finish the process.

Report this User

Report this user for behavior that violates our Community Guidelines.

Details: